| 000 | 00750nam a2200217 i 4500 | ||
|---|---|---|---|
| 001 | bg | ||
| 100 | 1 | _aSosulski, Władysław. | |
| 245 | 1 | 0 |
_aAnaliza matematyczna : _bskrypt. _nT. 1/ _cWładysław Sosulski ; Uniwersytet Zielonogórski. Szkoła Nauk Ścisłych i Ekonomicznych. |
| 250 | _aWyd.2. | ||
| 260 |
_aZielona Góra : _bRedakcja Wydawnictw Nauk Ścisłych i Ekonomicznych, _c2001. |
||
| 300 |
_a230 s. : _bil. ; _c24 cm. |
||
| 504 | _aBibliogr. - Indeks. | ||
| 650 | 9 | _aAnaliza matematyczna | |
| 655 | _aPodręczniki akademickie | ||
| 710 | 0 |
_aUniwersytet Zielonogórski _bSzkoła Nauk Ścisłych i Ekonomicznych |
|
| 040 | _cBPK | ||
| 041 | 0 | _apol | |
| 080 | _a517(075.8) | ||
| 942 | _cKS | ||
| 008 | s pl f |000 0 pol | ||
| 999 |
_c42643 _d42643 |
||
| 856 |
_uhttp://koha.tu.koszalin.pl/cgi-bin/koha/opac-detail.pl?biblionumber=42643 _yKatalog online BPK |
||